| 000 | 02723nam a2200781 i 4500 | ||
|---|---|---|---|
| 001 | 991053054580005066 | ||
| 003 | NyNyJPI | ||
| 005 | 20260413200117.0 | ||
| 008 | 221110s2022 pl a |000 0 pol c | ||
| 009 | b1000002701786 | ||
| 015 | _aUWD 2022/39594 | ||
| 020 |
_a9788308076736 _q(oprawa miękka) : _czł 49,90 |
||
| 020 |
_a9788308086612 _q(oprawa miękka) : _czł 59,90 |
||
| 035 | _a(PL)b1000002701786 | ||
| 035 | _a(EXLNZ-48OMNIS_NETWORK)9912855583105606 | ||
| 040 |
_aLUBL M _cLUBL M _dLUBL M _dTOM_1 _dWA N _dELBLAG M _dLUBL KUL _dKR U _dWA 392 _dKIEL W _dMBPWR _dMBPG |
||
| 045 | 2 |
_bd0966 _bd1989 |
|
| 046 | _k2022 | ||
| 080 |
_81.1\x _a94(438) |
||
| 080 |
_81.2\x _a39(438) |
||
| 080 |
_81.3\x _a323.3-058.14(438) |
||
| 084 | _a10 | ||
| 245 | 0 | 0 |
_aCham i pan : _ba nam, prostym, zewsząd nędza? / _cAndrzej Chwalba, Wojciech Harpula. |
| 250 | _aWydanie pierwsze. | ||
| 260 |
_aKraków : _bWydawnictwo Literackie, _ccopyright 2022. _c2025 |
||
| 300 |
_a424, [7] stron : _bilustracje ; _c21 cm. |
||
| 336 |
_aTekst _btxt _2rdacontent |
||
| 337 |
_aBez urządzenia pośredniczącego _bn _2rdamedia |
||
| 338 |
_aWolumin _bnc _2rdacarrier |
||
| 380 | _aKsiążki | ||
| 380 | _aLiteratura faktu, eseje, publicystyka | ||
| 388 | 1 | _a2001- | |
| 500 | _aW obrębie wydania dodruk w roku 2024, 2025. W obrębie wydania nakłady z różnym numerami ISBN. W obrębie wydania nakłady z różnymi cenami. | ||
| 504 | _aBibliografia na stronach 419-[425]. | ||
| 530 | _aKsiążka dostępna także jako e-book. | ||
| 648 | 7 |
_a901-1000 _2DBN |
|
| 648 | 7 |
_a1001-1100 _2DBN |
|
| 648 | 7 |
_a1101-1200 _2DBN |
|
| 648 | 7 |
_a1201-1300 _2DBN |
|
| 648 | 7 |
_a1301-1400 _2DBN |
|
| 648 | 7 |
_a1401-1500 _2DBN |
|
| 648 | 7 |
_a1501-1600 _2DBN |
|
| 648 | 7 |
_a1601-1700 _2DBN |
|
| 648 | 7 |
_a1701-1800 _2DBN |
|
| 648 | 7 |
_a1801-1900 _2DBN |
|
| 648 | 7 |
_a1901-2000 _2DBN |
|
| 650 | 7 |
_aChłopi _2DBN |
|
| 650 | 7 |
_aPoddaństwo _2DBN |
|
| 650 | 7 |
_aStruktura społeczna _2DBN |
|
| 650 | 7 |
_aSzlachta _2DBN |
|
| 650 | 7 |
_aWyzysk _2DBN |
|
| 650 | 7 |
_aŻycie codzienne _2DBN |
|
| 650 | 0 |
_aPeasants _zPoland _xSocial conditions. |
|
| 650 | 0 |
_aPeasants _zPoland _xHistory _y19th century. |
|
| 650 | 0 |
_aPeasants _zPoland _xSocial life and customs. |
|
| 650 | 0 |
_aPeasants _zPoland _xHistory |
|
| 650 | 0 |
_aPeasants _zPoland _xHistory _y20th century. |
|
| 650 | 0 |
_aSerfdom _zPoland _xHistory. |
|
| 651 | 7 |
_aPolska _2DBN |
|
| 651 | 0 |
_aPoland _xRural conditions |
|
| 655 | 7 |
_aPublicystyka _2DBN |
|
| 658 | _aHistoria | ||
| 658 | _aSocjologia i społeczeństwo | ||
| 700 | 1 |
_aChwalba, Andrzej _d(1949- ) _eAutor |
|
| 700 | 1 |
_aHarpula, Wojciech _d(1978- ) _eAutor |
|
| 710 | 2 |
_aWydawnictwo Literackie _eWydawca _4pbl |
|
| 942 |
_2z _cBK _n0 |
||
| 999 |
_c91114 _d91114 |
||